[Event "11. OSEM SH 2017"]
[Site "11. Büsum"]
[Date "2017.09.15"]
[Round "8.34"]
[White "Bondick, Karl-Heinz"]
[Black "Gehrmann, Dorit"]
[Result "1/2-1/2"]
[BlackElo "1920"]
[BlackTeam "SV Eutin"]
[WhiteElo "1991"]
[WhiteTeam "USC Magdeburg"]

1. d4 d5 2. e4 e6 3. Be3 b6 4. Bb5+ Bd7 5. Bd3 dxe4 6. Bxe4 Bc6 7. Nd2 Bxe4 8.
Nxe4 Nd7 9. Nf3 Ngf6 10. Qd3 Be7 11. O-O  Nxe4 12. Qxe4 O-O  13. Rad1
Nf6 14. Qd3 h6 15. c4 c6 16. h3 Qc7 17. g4 Nh7 18. Ne5 Bf6 19. f4 Bxe5 20. fxe5
c5 21. Qe4 cxd4 22. Rxd4 Rad8 23. Rfd1 Rxd4 24. Rxd4 Qe7 25. Kg2 Rd8 26. Kg3
Nf8 27. h4 Rxd4 28. Bxd4 Qc7 29. b3 Nd7 30. Kf3 Nb8 31. g5 hxg5 32. hxg5 Nc6
33. Bb2 Ne7 34. Ba3 Nf5  1/2-1/2

[Event "11. OSEM SH 2017"]
[Site "11. Büsum"]
[Date "2017.09.15"]
[Round "8.35"]
[White "Blosze, Winfried"]
[Black "Bullert, Wolfgang"]
[Result "0-1"]
[BlackElo "1989"]
[BlackTeam "Potsdamer SV"]
[WhiteElo "1871"]
[WhiteTeam "SV Großauheim"]

1. e4 e5 2. Nf3 Nc6 3. Bb5 Bc5 4. c3 f5 5. Bxc6 dxc6 6. Nxe5 Bd6 7. d4 Bxe5 8.
dxe5 Qxd1+ 9. Kxd1 fxe4 10. Re1 Bf5 11. Ke2 Ne7 12. Be3 Ng6 13. Bd4 c5 14. Bxc5
Nxe5 15. Bd4 Nd3 16. Rg1 O-O  17. g4 Bg6 18. Nd2 e3 19. Bxe3 Rae8 20. Nf3
Nxb2 21. Ne1 Be4 22. Rc1 b6 23. c4 c5 24. Rc3 Rf7 25. Rg3 Rd7 26. Kf1 Rd1 27.
Ke2 Ra1 28. Ra3 a5 29. Rb3 Nxc4 30. a3 Rd8 31. f3 Ra2+ 32. Kf1 Bc6 33. h4 Rd1
34. Bf2  0-1

[Event "11. OSEM SH 2017"]
[Site "11. Büsum"]
[Date "2017.09.15"]
[Round "8.36"]
[White "Strohbusch, Frank, Dr."]
[Black "Rychlik, Kurt"]
[Result "0-1"]
[BlackElo "1988"]
[BlackTeam "SV Berenbostel"]
[WhiteElo "1860"]
[WhiteTeam "SK Freising"]

1. e4 g6 2. Nc3 Bg7 3. d4 d6 4. Be3 a6 5. Be2 Nd7 6. Qd2 b5 7. a3 Bb7 8. f4 e6
9. Nf3 Ngf6 10. e5 Ng4 11. Bg1 h5 12. h3 Nh6 13. Bf2 Nf5 14. O-O-O d5 15. g4
Ne7 16. Bd3 Nb6 17. b3 c6 18. Kb2 a5 19. Ra1 Ba6 20. Na2 Rb8 21. Qe2 Nc4+ 22.
Bxc4 bxc4 23. Nc3 Qb6 24. Qd1 cxb3 25. cxb3 hxg4 26. Na4 Qb5 27. Nc3 Qb7 28.
Nd2 gxh3 29. Na4 Bb5 30. Nc5 Qa7 31. Kc3 Nf5 32. Qf3 Bf8 33. Rxh3 Rxh3 34. Qxh3
Bxc5 35. dxc5 d4+ 36. Kb2 Qxc5 37. Ne4 Qf8 38. Rd1 c5 39. Rc1 c4 40. Bh4 Kd7
41. Nf6+ Kc7 42. Be1 Kb6 43. bxc4 Ba4 44. Ka2 Ka6 45. Rb1 Rxb1 46. Kxb1 Ne3 47.
Ka2 Qc5 48. Qh1 Qxc4+ 49. Ka1 Nc2+ 50. Kb2 Qb3+ 51. Kc1 Qxa3+ 52. Kd2 Qe3+  0-1

[Event "11. OSEM SH 2017"]
[Site "11. Büsum"]
[Date "2017.09.15"]
[Round "8.37"]
[White "Jäke, Wilhelm"]
[Black "Fritsch, Jürgen, Dr."]
[Result "1-0"]
[BlackElo "1831"]
[BlackTeam "HSK LTu"]
[WhiteElo "1983"]
[WhiteTeam "Kropper SC"]

1. c4 e5 2. Nc3 Nc6 3. g3 Bc5 4. Bg2 Nge7 5. a3 d6 6. b4 Bd4 7. Bb2 a6 8. Nf3
O-O  9. O-O  Bxc3 10. Bxc3 Nf5 11. d3 Qe7 12. e3 f6 13. d4 Qf7 14. d5
Nce7 15. Nd2 Nh6 16. e4 g5 17. c5 Bd7 18. a4 Qg6 19. Nc4 Nf7 20. Rc1 Kg7 21.
Bb2 h5 22. h3 h4 23. g4 Rfc8 24. Qb3 Qh7 25. Rc2 Qg8 26. Rfc1 Qe8 27. Ra1 Rcb8
28. a5 Nc8 29. Bf1 Bb5 30. Ne3 Bd7 31. Rc3 Na7 32. Rac1 b6 33. axb6 dxc5 34.
bxa7 Rxb4 35. Qc2 Ba4 36. Qe2 Bb5 37. Nf5+ Kf8 38. Qd2 Bxf1 39. Rxf1 Qb5 40.
Ba3 Rc4 41. Rxc4  1-0

[Event "11. OSEM SH 2017"]
[Site "11. Büsum"]
[Date "2017.09.15"]
[Round "8.38"]
[White "Armbrüster, Jürgen"]
[Black "Chmielewski, Axel"]
[Result "1/2-1/2"]
[BlackElo "1860"]
[BlackTeam "Volksdorfer SK"]
[WhiteElo "1961"]
[WhiteTeam "SF Katernberg"]

1. e4 c6 2. d4 d5 3. Nc3 dxe4 4. Nxe4 Nd7 5. Nf3 Ngf6 6. Nxf6+ Nxf6 7. c3 Bf5 8.
Bd3 Bxd3 9. Qxd3 e6 10. O-O  Bd6 11. Re1 h6 12. b4 O-O  13. Bd2 b6 14.
Qe2 Qc7 15. c4  1/2-1/2

[Event "11. OSEM SH 2017"]
[Site "11. Büsum"]
[Date "2017.09.15"]
[Round "8.39"]
[White "Mentink, Toon"]
[Black "Mewes, Hans-Dieter"]
[Result "1-0"]
[BlackElo "1845"]
[BlackTeam "VHS Heide"]
[WhiteElo "1946"]
[WhiteTeam "Stukkenjagers"]

1. b3 Nf6 2. Bb2 d5 3. e3 Bf5 4. Nf3 Nbd7 5. Be2 e6 6. O-O  Bd6 7. d4 c6 8.
c4 Rc8 9. Nc3 O-O  10. h3 h6 11. Bd3 Bxd3 12. Qxd3 Re8 13. e4 dxe4 14. Nxe4
Nxe4 15. Qxe4 Nf6 16. Qc2 b5 17. Rad1 Bb8 18. Rfe1 Qe7 19. Qe2 a6 20. d5 cxd5
21. cxd5 Nh7 22. Qd3 Rcd8 23. Qc3 Nf6 24. dxe6 fxe6 25. Rxd8 Qxd8 26. g3 Qb6
27. Kg2 Qb7 28. Rc1 e5 29. Qc6 Qe7 30. Qxa6 Qd7 31. Qc6 Qf5 32. Qxb5 Rd8 33.
Qc4+ Kh8 34. Nh4 Qh5 35. Qe6 Re8 36. Rc8 Kh7 37. Rxe8 Qxe8 38. Qxe8 Nxe8 39.
Nf5 Kg6 40. g4 h5 41. Ne7+ Kf7 42. Nc6 hxg4  1-0

[Event "11. OSEM SH 2017"]
[Site "11. Büsum"]
[Date "2017.09.15"]
[Round "8.40"]
[White "Wittkugel, Friedhelm"]
[Black "Langmann, Claus"]
[Result "0-1"]
[BlackElo "1834"]
[BlackTeam "Hamburger SK"]
[WhiteElo "1941"]
[WhiteTeam "SV Kamen"]

1. d4 d5 2. Nf3 Nf6 3. c4 c6 4. e3 g6 5. Nc3 Bg7 6. Bd3 O-O  7. O-O  Bg4
8. h3 Bxf3 9. Qxf3 e6 10. b3 Re8 11. Bb2 Nbd7 12. e4 dxe4 13. Nxe4 Nxe4 14.
Bxe4 Nf6 15. Bc2 Qb6 16. Rad1 Nd7 17. Rfe1 Qa6 18. Bb1 Rad8 19. h4 c5 20. h5
Bxd4 21. Bxd4 cxd4 22. hxg6 hxg6 23. Rxd4 e5 24. Rh4 Qf6 25. Qh3 Nf8 26. Rhe4
Qh8 27. Qg3 f5 28. R4e2 Qf6 29. Qf3 Re7 30. c5 Nd7 31. b4 Rh7 32. g3 e4 33.
Qb3+ Kg7 34. Re3 Ne5 35. Kg2 Rdh8 36. Rd1 Rh2+ 37. Kf1 Nf3 38. Rd7+ Kh6 39. Rd1
Kg5 40. Rxf3 Rh1+ 41. Ke2 exf3+ 42. Kxf3 Qc6+  0-1

[Event "11. OSEM SH 2017"]
[Site "11. Büsum"]
[Date "2017.09.15"]
[Round "8.41"]
[White "Pantel, Heinrich"]
[Black "Piastowski, Kurt"]
[Result "1/2-1/2"]
[BlackElo "1940"]
[BlackTeam "Brühler SK"]
[WhiteElo "1834"]
[WhiteTeam "SK Kaltenkirchen"]

1. Nf3 Nf6 2. d4 d5 3. c4 c6 4. Nc3 Bf5 5. e3 e6 6. Bd3 Bxd3 7. Qxd3 Bd6 8. Bd2
dxc4 9. Qxc4 Nbd7 10. Qd3 O-O  11. e4 e5 12. O-O  Re8 13. Be3 exd4 14.
Bxd4 Bc5 15. Rad1 Bxd4 16. Qxd4 Qb6 17. Qxb6  1/2-1/2

[Event "11. OSEM SH 2017"]
[Site "11. Büsum"]
[Date "2017.09.15"]
[Round "8.42"]
[White "Jünger, Leonhard"]
[Black "Baerthel, Klaus"]
[Result "1-0"]
[BlackElo "1938"]
[BlackTeam "Naumburger SV"]
[WhiteElo "1833"]
[WhiteTeam "Aachener SV"]

1. e4 c5 2. Nc3 Nc6 3. f4 d6 4. Nf3 g6 5. Bc4 Bg7 6. d3 e6 7. O-O  a6 8. Qe1
Nge7 9. f5 d5 10. Bb3 c4 11. dxc4 dxe4 12. Nxe4 exf5 13. Neg5 h6 14. Nxf7 Kxf7
15. c5+ Kf8 16. Bf4 Bd4+ 17. Kh1 Bxc5 18. Rd1 Qb6 19. Qc3 Nd4 20. Nxd4 Bxd4 21.
Rxd4 Rh7 22. Re1 g5 23. Bc7 Qf6  1-0

[Event "11. OSEM SH 2017"]
[Site "11. Büsum"]
[Date "2017.09.15"]
[Round "8.43"]
[White "Meul, Willi"]
[Black "Potschka, Dieter"]
[Result "1-0"]
[BlackElo "1829"]
[BlackTeam "VfL Geesthacht"]
[WhiteElo "1938"]
[WhiteTeam "SV Hürth-Berrenrath"]

1. d4 e6 2. Nf3 Nf6 3. e3 d5 4. Bd3 Nbd7 5. Nbd2 c5 6. c3 a6 7. Ne5 Nxe5 8. dxe5
 Nd7 9. f4 b5 10. O-O  Qb6 11. Nf3 c4 12. Bc2 Bb7 13. a4 b4 14. a5 Qc7
15. Ba4 Bc6 16. Bd2 b3 17. Bxc6 Qxc6 18. Nd4 Qc7 19. Qg4 Nc5 20. Rf3 h5 21. Qh3
Ne4 22. Be1 g5 23. Nxe6 fxe6 24. Qxe6+ Be7 25. Qxd5 Rd8 26. Qxe4 Rd3 27. Qa8+
Bd8 28. Qxa6 g4 29. Rf1 Kf8 30. Bf2 h4 31. Rfd1 g3 32. Be1 gxh2+ 33. Kh1 Rxe3 {
Weiss gewinnt nach weiteren Zuegen  ( nicht rekonstruierbar )}   1-0

[Event "11. OSEM SH 2017"]
[Site "11. Büsum"]
[Date "2017.09.15"]
[Round "8.44"]
[White "Schirmer, Werner"]
[Black "Welsch, Dieter Sen."]
[Result "1-0"]
[BlackElo "1823"]
[BlackTeam "SC Cochem"]
[WhiteElo "1931"]
[WhiteTeam "Hamburger SK"]

1. e4 e5 2. Nf3 Nf6 3. Nxe5 d6 4. Nf3 Nxe4 5. d4 d5 6. Bd3 Bd6 7. O-O  O-O
 8. c4 c6 9. Nc3 Bf5 10. cxd5 Nxc3 11. bxc3 Bxd3 12. Qxd3 cxd5 13. Ng5 g6
14. Qh3 h5 15. Re1 Qd7 16. Qd3 Nc6 17. Bd2 Rae8 18. Nf3 Kg7 19. Qb5 a6 20. Qa4
Qc7 21. c4 dxc4 22. Qxc4 b5 23. Qc1 Rxe1+ 24. Qxe1 Qd7 25. Qe3 Rh8 26. d5 Ne7
27. Bc3+ f6 28. Bxf6+ Kxf6 29. Qd4+ Kf7 30. Qxh8 Nxd5 31. Ng5+ Ke7 32. Re1+ Be5
33. Qxe5+  1-0

[Event "11. OSEM SH 2017"]
[Site "11. Büsum"]
[Date "2017.09.15"]
[Round "8.45"]
[White "Wulf, Adalbert"]
[Black "Schwertel, Johann"]
[Result "1-0"]
[BlackElo "1930"]
[BlackTeam "SV Koblenz"]
[WhiteElo "1823"]
[WhiteTeam "SV Ennigerloh-Oelde"]

1. c4 c6 2. Nc3 d5 3. cxd5 cxd5 4. d4 Nc6 5. Nf3 Nf6 6. e3 e6 7. Bd3 Be7 8. O-O
 O-O  9. a3 a6 10. Bd2 Bd6 11. Rc1 e5 12. dxe5 Nxe5 13. Nxe5 Bxe5 14.
h3 b5 15. Be2 Bb7 16. Bf3 Ne4 17. Be1 Rc8 18. Qb3 Qh4 19. Rd1 Nc5 20. Qa2 d4
21. Bxb7 Nxb7 22. exd4 Bxd4 23. Qd5 Bxc3 24. Bxc3 Nd8 25. Rfe1 Ne6 26. Qf3 h6
27. Re4 Qg5 28. Rde1 Qg6 29. Rg4 Ng5 30. Qg3 f5 31. Rf4 Rc6 32. h4 Ne4 33. Qxg6
Rxg6 34. Bb4 Rf7 35. f3 Nd6 36. Kf2 h5 37. Rd1 Nc4 38. b3 Nb6 39. Rfd4 Rc6 40.
R1d2 Re6 41. Rd6 Rxd6 42. Rxd6 Rb7 43. Ba5 Nd7 44. Rxa6 Nc5 45. Rd6 Nxb3 46.
Bb4 Ra7 47. Rd5 g6 48. Ke3 Na5 49. Rxb5 Nc4+ 50. Kf4 Nxa3 51. Rb6 Kh7 52. Kg5
Nc2 53. Bc3 Rc7 54. Be5 Re7 55. f4 Ne3 56. Rb8 Rxe5 57. fxe5 Nxg2 58. e6  1-0

[Event "11. OSEM SH 2017"]
[Site "11. Büsum"]
[Date "2017.09.15"]
[Round "8.46"]
[White "Schwetje, Siegfried"]
[Black "Auterhoff, Jürgen, Dr."]
[Result "1/2-1/2"]
[BlackElo "1815"]
[BlackTeam "SC Pasing"]
[WhiteElo "1930"]
[WhiteTeam "SC Bad Salzdetfurth"]

1. d4 Nf6 2. c4 e6 3. Nf3 b6 4. Nc3 Bb7 5. Bf4 Bb4 6. Rc1 O-O  7. e3 d5 8.
Be2 Bd6 9. Bxd6 Qxd6 10. O-O  Qd8 11. b4 c6 12. a4 Nbd7 13. c5 bxc5 14.
bxc5 Rb8 15. Rb1 Qa5 16. Qc2 Ba6 17. Bxa6 Qxa6 18. h3 h6 19. Na2 Qa5 20. Kh2
Ne4 21. Rfd1 Rfc8 22. Kg1 Rxb1 23. Rxb1 Rb8 24. Rxb8+ Nxb8 25. Qb3 Qc7 26. a5
Na6 27. Nc3 Nxc3 28. Qxc3 Qb7 29. Kh2 Nc7 30. Nd2 Nb5 31. Qb4 a6 32. Nb1 Nd6
33. Qb6 Qxb6 34. axb6 Nb7 35. Nc3 a5 36. f3 e5 37. Nxd5 exd4 38. exd4 Kf8 39.
Nc3 Ke7 40. Kg3 Ke6 41. Kf4 Nd8 42. h4 f5 43. h5 Kf6 44. d5 cxd5 45. Nxd5+ Ke6
46. Ne3 a4 47. Nxf5 a3 48. Nd4+ Kd5 49. Nb3 a2 50. Ke3 Kc4 51. Na1 Kc3 52. c6
Nxc6 53. b7 Kc4 54. Kd2 Kb5 55. Kc3 Kb6 56. Kb3 Kxb7 57. Kxa2 Kb6 58. Kb2 Kc5
59. Kc3 Kd5 60. Nc2 Ke5 61. Kd3 Kf4 62. Ke2 Ne7 63. Kf2 Nf5 64. Ne1 Ne7 65.
Nd3+ Kg5 66. g4 g6 67. hxg6 Kxg6 68. Nf4+ Kg5 69. Kg3 Nc6 70. Nh5 Nd4 71. f4+
Kg6 72. Kf2 Nc6 73. Ke3 Ne7 74. Ke4 Kf7 75. f5 Ng8 76. Ke5 Ne7 77. f6 Nc6+ 78.
Kf5 Nd4+ 79. Ke4 Ne6 80. Ke5 Ng5 81. Kf5 Ne6 82. Ke5 Ng5  1/2-1/2

[Event "11. OSEM SH 2017"]
[Site "11. Büsum"]
[Date "2017.09.15"]
[Round "8.47"]
[White "Merettig, Georg"]
[Black "Pamperin, Gerhard"]
[Result "0-1"]
[BlackElo "1927"]
[BlackTeam "SF Schwerin"]
[WhiteElo "1814"]
[WhiteTeam "SV Caissa Wolfenbüttel"]

1. Nc3 d5 2. e4 dxe4 3. Nxe4 e6 4. f4 Nd7 5. d4 Ngf6 6. Ng3 c5 7. Nf3 cxd4 8.
Nxd4 Bc5 9. c3 O-O 10. b4 Bxd4 11. cxd4 b6 12. Bd3 Bb7 13. O-O Qe7 14. a3 g6
15. Bb2 Nd5 16. Qe2 Rac8 17. Ne4 N7f6 18. Nd2 Rc7 19. b5 Rfc8 20. Nc4 Qd8 21.
a4 Ne8 22. a5 bxa5 23. Nxa5 Ba8 24. Nc6 Bxc6 25. bxc6 Rxc6 26. Rxa7 Nef6 27. g4
Nc3 28. Bxc3 Rxc3 29. Ra4 Nd5 30. f5 exf5 31. Rc4 Qg5 32. Rxc8+ Rxc8 33. Ba6
Rd8 34. h3 fxg4 35. hxg4 h5 36. Qc4 Qxg4+ 37. Kh2 Qh4+ 38. Kg1 Qg3+ 39. Kh1 Nf4
40. Bb7 Qh3+ 41. Kg1 Qe3+ 42. Kh1 Rxd4 43. Qa2 Qh3+ 44. Kg1 Qd7 45. Qa8+ Kg7
46. Qa1 Kh7 47. Bf3 Rd2 48. Qf6 Qd4+ 49. Qxd4 Rxd4 50. Kh1 Kh6 51. Ra1 h4 52.
Ra2 f5 53. Ra1 Rd3 54. Bd1 Kg5 55. Ba4 Rd2 56. Kg1 h3 57. Bb3 Kh4 58. Kh1 g5
59. Bc4 Kg3 60. Rg1+ Kh4 61. Bb5 g4 62. Rf1 Kg5 63. Re1 g3 64. Kg1  0-1

[Event "11. OSEM SH 2017"]
[Site "Büsum"]
[Date "2017.09.15"]
[Round "8.48"]
[White "Neumann, Horst"]
[Black "Fleischer, Matthias"]
[Result "1/2-1/2"]
[WhiteElo "1809"]
[BlackElo "1926"]
[Annotator "Gemkow,Jan Marten"]
[PlyCount "42"]
[EventDate "2017.??.??"]
[WhiteTeam "SG Güls/Niederfell"]
[BlackTeam "SV Einheit Schwerin"]

1. d4 Nf6 2. c4 g6 3. Nc3 Bg7 4. e4 d6 5. Nf3 c6 6. Be2 O-O 7. O-O Nbd7 8. Bg5
e5 9. d5 c5 10. Qd2 a6 11. a3 Rb8 12. h3 Qe8 13. Rfe1 b6 14. a4 a5 15. Nh2 Kh8
16. Bg4 Ba6 17. b3 Nxg4 18. Nxg4 f5 19. exf5 gxf5 20. Nh2 Qg6 21. f3 h6 {Rest
nicht rekonstruierbar} 1/2-1/2

[Event "11. OSEM SH 2017"]
[Site "Büsum"]
[Date "2017.09.15"]
[Round "8.49"]
[White "Kluger, Hans-Peter"]
[Black "Wagner, Ingolf"]
[Result "0-1"]
[WhiteElo "1917"]
[BlackElo "1799"]
[PlyCount "104"]
[EventDate "2017.??.??"]
[WhiteTeam "SK Bad Harzburg"]
[BlackTeam "Gnoiener SV"]

1. c4 e5 2. Nc3 Nc6 3. g3 d6 4. Bg2 g6 5. d3 Bg7 6. Nf3 Nge7 7. O-O h6 8. Bd2
Be6 9. Qc1 Qd7 10. b4 Bh3 11. b5 Nd4 12. Re1 Bxg2 13. Kxg2 c6 14. a4 Nb3 15.
Qa3 Nxa1 16. Rxa1 O-O 17. Rb1 Nf5 18. e3 d5 19. c5 Rfe8 20. e4 Nd4 21. Qc1 Kh7
22. Ng1 f5 23. exd5 cxd5 24. Nce2 Nxe2 25. Nxe2 Rac8 26. Rb2 d4 27. h4 Qd5+ 28.
f3 Rxc5 29. Qb1 e4 30. Nf4 exf3+ 31. Kf2 Qe5 32. Kxf3 g5 33. hxg5 hxg5 34. Qh1+
Kg8 35. Qg2 gxf4 36. Bxf4 Qd5+ 37. Kf2 Qxg2+ 38. Kxg2 Rc3 39. Kh3 Rxd3 40. a5
Ra3 41. a6 bxa6 42. b6 axb6 43. Rxb6 d3 44. Kh4 Kf7 45. Kg5 Re6 46. Rb7+ Re7
47. Rb6 Rd7 48. Rb1 Ra2 49. Rd1 d2 50. Kxf5 Bc3 51. Rh1 d1=Q 52. Rh7+ Kg8 0-1

[Event "11. OSEM SH 2017"]
[Site "Büsum"]
[Date "2017.09.15"]
[Round "8.50"]
[White "Reinke, Kurt"]
[Black "Van Dongen, Rob"]
[Result "1-0"]
[WhiteElo "1793"]
[BlackElo "1907"]
[PlyCount "59"]
[EventDate "2017.??.??"]
[WhiteTeam "SG Benrath"]
[BlackTeam "VAS Amsterdam"]

1. d4 d5 2. c4 e6 3. Nc3 Nf6 4. Nf3 Be7 5. e3 a6 6. Bd3 dxc4 7. Bxc4 b5 8. Bd3
Bb7 9. O-O O-O 10. e4 b4 11. e5 Nd5 12. Ne4 h6 13. Ng3 Nd7 14. Bc2 Re8 15. Qd3
Nf8 16. Bd2 a5 17. Rfd1 Qd7 18. Nh5 Red8 19. Qe2 Ba6 20. Qe4 Qb5 21. Qg4 g6 22.
Bxh6 f5 23. exf6 Nxf6 24. Nxf6+ Bxf6 25. Bxf8 Kxf8 26. Qxg6 Ke7 27. Qh7+ Kd6
28. Ne5 Bxe5 29. dxe5+ Kxe5 30. Qg7+ 1-0

[Event "11. OSEM SH 2017"]
[Site "Büsum"]
[Date "2017.09.15"]
[Round "8.51"]
[White "Zechel, Rolf-Rüdiger"]
[Black "Bendisch, Jürgen"]
[Result "1/2-1/2"]
[WhiteElo "1694"]
[BlackElo "1903"]
[PlyCount "31"]
[EventDate "2017.??.??"]
[WhiteTeam "SK Kaltenkirchen"]
[BlackTeam "SV Hennef"]

1. d4 d5 2. Bf4 e6 3. e3 Bd6 4. Bg3 Nf6 5. Bd3 Bxg3 6. fxg3 Nbd7 7. Nf3 c6 8.
O-O Qc7 9. Nbd2 e5 10. e4 dxe4 11. Nxe4 Nxe4 12. Bxe4 Nf6 13. Qe2 Bg4 14. dxe5
Nxe4 15. Qxe4 Bxf3 16. Qxf3 1/2-1/2

[Event "11. OSEM SH 2017"]
[Site "Büsum"]
[Date "2017.09.15"]
[Round "8.52"]
[White "Nowack, Achim"]
[Black "Hansch, Klaus-Michael"]
[Result "1/2-1/2"]
[WhiteElo "1705"]
[BlackElo "1893"]
[PlyCount "120"]
[EventDate "2017.??.??"]
[WhiteTeam "SK Kaltenkirchen"]
[BlackTeam "SC Weisse Dame (Berlin)"]

1. e4 d5 2. exd5 Nf6 3. Nf3 Nxd5 4. d3 Bg4 5. Be2 e6 6. Bd2 Bd6 7. h3 Bh5 8.
Nc3 Nf4 9. O-O Nxe2+ 10. Qxe2 Nc6 11. Qe4 Bg6 12. Qg4 O-O 13. Ne2 Ne5 14. Nxe5
Bxe5 15. Bc3 Bf5 16. Qf3 Bxc3 17. Nxc3 c6 18. Rfe1 Qc7 19. Re3 Rad8 20. Rae1
Qb6 21. Rb1 Rd4 22. a3 Rfd8 23. Ne2 R4d7 24. Qf4 Qc5 25. Rc1 Qd5 26. Rg3 Bg6
27. Qe3 c5 28. Rg5 Qa2 29. Qxc5 Qxb2 30. Qb4 Qf6 31. Rb5 b6 32. a4 e5 33. Qc3
Re8 34. Ng3 Qd6 35. Rb4 Rc7 36. Rc4 Ree7 37. Re1 Rxc4 38. Qxc4 Rc7 39. Qb5 f6
40. Ne4 Qc6 41. c4 Bxe4 42. Rxe4 Qxb5 43. axb5 Kf7 44. f4 exf4 45. Rxf4 Ke6 46.
Kf2 f5 47. Rd4 g5 48. g3 a5 49. bxa6 Ra7 50. Rd8 Rxa6 51. Ke3 Ra1 52. d4 Ra3+
53. Kf2 h5 54. Re8+ Kf7 55. Re5 Kf6 56. Rb5 Ra6 57. Kf3 Ra3+ 58. Kf2 Ra2+ 59.
Kf3 Ra3+ 60. Kf2 Ra2+ 1/2-1/2

[Event "11. OSEM SH 2017"]
[Site "Büsum"]
[Date "2017.09.15"]
[Round "8.53"]
[White "Jürgens, Peter"]
[Black "Kronseder, Michael"]
[Result "1/2-1/2"]
[WhiteElo "1893"]
[BlackElo "1724"]
[PlyCount "35"]
[EventDate "2017.??.??"]
[WhiteTeam "SC Tempo Göttingen"]
[BlackTeam "SV Hürth-Berrenrath"]

1. Nf3 Nf6 2. d4 d6 3. Bf4 Nbd7 4. e3 c6 5. Be2 h6 6. h3 Qc7 7. O-O e5 8. Bh2
Be7 9. c4 g5 10. c5 g4 11. hxg4 Nxg4 12. Bg3 h5 13. cxd6 Bxd6 14. Nc3 Ndf6 15.
Rc1 a6 16. Qd3 exd4 17. Bxd6 Qxd6 18. Qxd4 1/2-1/2

[Event "11. OSEM SH 2017"]
[Site "Büsum"]
[Date "2017.09.15"]
[Round "8.54"]
[White "Scholz, Herbert"]
[Black "Hülle, Gunter"]
[Result "1-0"]
[WhiteElo "1873"]
[BlackElo "1794"]
[PlyCount "53"]
[EventDate "2017.??.??"]
[WhiteTeam "PSV Neustadt"]
[BlackTeam "SV Springer Leipzig"]

1. b3 Nf6 2. Bb2 e6 3. e3 d5 4. Nf3 c5 5. c4 a6 6. cxd5 exd5 7. Be2 Be7 8. O-O
O-O 9. Qc2 Nbd7 10. d4 b6 11. Rd1 Bb7 12. dxc5 bxc5 13. Nbd2 Rc8 14. Rac1 Qb6
15. Qb1 Rfd8 16. Bd3 g6 17. Ne5 Nxe5 18. Bxe5 Nd7 19. Bf4 f6 20. Bxg6 hxg6 21.
Qxg6+ Kh8 22. Qh5+ Kg8 23. Qg6+ Kh8 24. Nf3 Nf8 25. Qh5+ Nh7 26. Nh4 Bf8 27.
Qf7 1-0

[Event "11. OSEM SH 2017"]
[Site "Büsum"]
[Date "2017.09.15"]
[Round "8.55"]
[White "Schwab, Wolfgang"]
[Black "Schumacher, Helmut"]
[Result "1/2-1/2"]
[WhiteElo "1790"]
[BlackElo "1890"]
[PlyCount "55"]
[EventDate "2017.??.??"]
[WhiteTeam "SV Turm Sankt Augustin"]
[BlackTeam "DJK Aufwärts Aachen"]

1. d4 d5 2. Bf4 Bf5 3. e3 e6 4. Nf3 Bd6 5. Bg3 c6 6. c3 Nf6 7. Nbd2 Bxg3 8.
hxg3 Nbd7 9. Nh4 Qe7 10. Nxf5 exf5 11. Qc2 g6 12. Be2 O-O 13. Bf3 Rfe8 14. O-O
Qf8 15. Rfe1 Re6 16. c4 dxc4 17. Nxc4 Rae8 18. a3 Ne4 19. Rac1 Ng5 20. Nd2 Nf6
21. Qb3 Qe7 22. Qc2 Nge4 23. Nxe4 fxe4 24. Be2 Qd6 25. Qc5 b6 26. Qxd6 Rxd6 27.
b4 b5 28. Rc2 1/2-1/2

[Event "11. OSEM SH 2017"]
[Site "Büsum"]
[Date "2017.09.15"]
[Round "8.56"]
[White "Klügel, Jan"]
[Black "Prause, Dieter"]
[Result "1/2-1/2"]
[WhiteElo "1884"]
[BlackElo "1793"]
[PlyCount "120"]
[EventDate "2017.??.??"]
[WhiteTeam "SV Rendsburg"]
[BlackTeam "vereinslos"]

1. d4 Nf6 2. Bf4 d5 3. e3 e6 4. Nf3 Nbd7 5. Bd3 c6 6. O-O Be7 7. Ne5 O-O 8. Nd2
c5 9. c3 Nxe5 10. dxe5 Nd7 11. Qh5 g6 12. Qh6 Re8 13. Nf3 Bf8 14. Qh3 Bg7 15.
Ng5 h6 16. Nf3 Kh7 17. g4 Rh8 18. Bxh6 Kg8 19. g5 Nxe5 20. Nxe5 Bxe5 21. f4 Bg7
22. Rf3 e5 23. f5 e4 24. Bxg7 Rxh3 25. Rxh3 Qxg5+ 26. Rg3 Qxf5 27. Rf1 Qxf1+
28. Bxf1 Kxg7 29. Bh3 Bxh3 30. Rxh3 Rh8 31. Rg3 f5 32. Rg2 Kf6 33. Rd2 Ke5 34.
Rg2 Rh6 35. Kf1 b5 36. b3 a5 37. a3 d4 38. cxd4+ cxd4 39. exd4+ Kxd4 40. Rc2 g5
41. Rd2+ Ke5 42. Rc2 Rb6 43. Rf2 Rd6 44. a4 bxa4 45. bxa4 f4 46. Rb2 g4 47.
Rb5+ Rd5 48. Rb2 e3 49. Ke2 Rd2+ 50. Rxd2 exd2 51. Kxd2 Ke4 52. Ke2 f3+ 53. Kf2
Kf4 54. Kf1 g3 55. hxg3+ Kxg3 56. Kg1 Kf4 57. Kf1 Ke3 58. Ke1 Kd3 59. Kf2 Kc4
60. Kxf3 Kb4 1/2-1/2

[Event "11. OSEM SH 2017"]
[Site "Büsum"]
[Date "2017.09.15"]
[Round "8.57"]
[White "Nickel, Jürgen"]
[Black "Steinke, Hans-Jörg"]
[Result "1/2-1/2"]
[WhiteElo "1882"]
[BlackElo "1791"]
[PlyCount "41"]
[EventDate "2017.??.??"]
[WhiteTeam "Flensburger SK"]
[BlackTeam "SV Datteln"]

1. d4 d5 2. Nf3 Nf6 3. e3 Bf5 4. Bd3 Bxd3 5. Qxd3 c6 6. O-O Nbd7 7. b3 e6 8.
Bb2 Be7 9. Nbd2 O-O 10. c4 b6 11. a3 c5 12. Qe2 cxd4 13. exd4 Rc8 14. Rac1 Re8
15. Ne5 Nb8 16. Rfd1 Bd6 17. f4 Nfd7 18. Rf1 Qe7 19. b4 f6 20. Nxd7 Qxd7 21. c5
1/2-1/2

[Event "11. OSEM SH 2017"]
[Site "Büsum"]
[Date "2017.09.15"]
[Round "8.58"]
[White "Hadlich, Winfried"]
[Black "Borries, Barbara"]
[Result "1/2-1/2"]
[WhiteElo "1869"]
[BlackElo "1790"]
[PlyCount "34"]
[EventDate "2017.??.??"]
[WhiteTeam "SV Holstein Quickborn"]
[BlackTeam "SC Taufkirchen"]

1. d4 Nf6 2. Bf4 g6 3. e3 d6 4. Nd2 Bg7 5. Bd3 O-O 6. h3 Nbd7 7. Ngf3 c5 8. c3
b6 9. Qe2 Bb7 10. O-O Re8 11. e4 a6 12. Be3 e6 13. Qd1 Rc8 14. Rc1 cxd4 15.
cxd4 Rxc1 16. Qxc1 b5 17. Qb1 Qa8 1/2-1/2

[Event "11. OSEM SH 2017"]
[Site "Büsum"]
[Date "2017.09.15"]
[Round "8.60"]
[White "Alvarez, Luis"]
[Black "Riha, Peter"]
[Result "1/2-1/2"]
[WhiteElo "1849"]
[BlackElo "1736"]
[PlyCount "54"]
[EventDate "2017.??.??"]
[WhiteTeam "Zug um Zug Everswinkel"]
[BlackTeam "Schleswiger SV"]

1. e4 e5 2. Nf3 Nc6 3. Bc4 Nf6 4. d4 exd4 5. Nxd4 Nxe4 6. O-O Be7 7. Re1 d5 8.
Nxc6 bxc6 9. Bd3 Nf6 10. Bg5 O-O 11. Nd2 Re8 12. h3 Be6 13. Qf3 Rb8 14. b3 h6
15. Bh4 Nd7 16. Bg3 Nc5 17. Bf1 Bd6 18. Rad1 Bxg3 19. Qxg3 Qd6 20. Qc3 Nd7 21.
Nf3 Qc5 22. Qd2 Nf6 23. Bd3 Rbd8 24. a4 Bc8 25. Qf4 Qd6 26. Rxe8+ Rxe8 27. Qd4
c5 1/2-1/2

[Event "11. OSEM SH 2017"]
[Site "Büsum"]
[Date "2017.09.15"]
[Round "8.61"]
[White "Flockerzi, Armin"]
[Black "Kienel, Norbert"]
[Result "1-0"]
[WhiteElo "1758"]
[BlackElo "1837"]
[PlyCount "149"]
[EventDate "2017.??.??"]
[WhiteTeam "VfR-SC Koblenz"]
[BlackTeam "SV Osnabrück"]

1. Nf3 d5 2. d4 Nf6 3. g3 Nc6 4. c3 Bf5 5. Nbd2 e6 6. Bg2 Bd6 7. Nf1 h6 8. Ne3
Be4 9. Qb3 Rb8 10. Nd2 Bg6 11. O-O O-O 12. a4 Na5 13. Qa2 c5 14. dxc5 Bxc5 15.
Nd1 Bd6 16. b4 Nc6 17. Nb3 Rc8 18. a5 a6 19. Be3 Ne4 20. Bxe4 Bxe4 21. Bc5 Bf5
22. Ne3 Bh3 23. Ng2 Re8 24. Bxd6 Qxd6 25. Rfe1 Ne5 26. Nc5 Rc7 27. Rad1 Qe7 28.
Nf4 Bf5 29. Kg2 Nd7 30. Nxd7 Rxd7 31. Nd3 Rc7 32. Nc5 h5 33. h4 Rec8 34. f3 g5
35. hxg5 Qxg5 36. Rh1 Kg7 37. Rh4 Kf6 38. Qd2 Qg6 39. Kf2 Ke7 40. Rdh1 Rg8 41.
Qf4 Rc6 42. Rxh5 Qf6 43. Qh4 Bg6 44. Qxf6+ Kxf6 45. Rh8 Kg7 46. Rxg8+ Kxg8 47.
Ke3 e5 48. Rd1 e4 49. Rxd5 exf3 50. exf3 Rc7 51. Rd7 Rxd7 52. Nxd7 Bf5 53. Nc5
Bc8 54. Kf4 Kf8 55. g4 Kg7 56. Ne4 Bd7 57. Ke5 Kg6 58. g5 Bc6 59. f4 Bb5 60.
Nd6 Bc6 61. Nc8 Bd7 62. Ne7+ Kg7 63. f5 Kf8 64. f6 Ke8 65. g6 fxg6 66. Nxg6 Kf7
67. Ne7 Bb5 68. Nf5 Bc6 69. Nd6+ Kf8 70. Ke6 Bg2 71. Kd7 Bd5 72. Kc7 Bf3 73.
Nxb7 Kf7 74. Kb6 Be2 75. Nc5 1-0